| 000 | 00635nam a2200181 i 4500 | ||
|---|---|---|---|
| 001 | 58076 | ||
| 003 | ES-MaACL | ||
| 005 | 20230906163723.0 | ||
| 007 | t| | ||
| 008 | 031020s1925 fr ||||1| fre d | ||
| 100 | 1 |
_aDupré, Ernest. _946118 |
|
| 245 | 1 | 0 |
_aPathologie del'imagination et de l'emotivitè / _cErnest Duprè ; preface de M. Paul Bourget ; suivie d'une notice biograrphique par Achalme. |
| 260 |
_aParís : _b[s.n., _c1925] ( _fSoc. Anon. Imprimerie de Mavarre) |
||
| 300 |
_aXXII, 501 p. ; _c23 cm. |
||
| 700 | 1 |
_aBourget, Paul ( _d1852-1935) _930991 |
|
| 700 | 1 |
_aAchalme, P. _918261 |
|
| 852 |
_aES-MaACL _jB-3476 _bR.5163 |
||
| 999 |
_c58076 _d58076 |
||